000 00674nam a22002297a 4500
003 UA-OsUOA
001 34360
007 ta
008 20050928b un ||||| |||| 00| 0 ukr d
090 _a82.09(477)
_bУ45
942 _cBK
040 _aUA-OsUOA
_bukr
_cUA-OsUOA
_dUA-OsUOA
245 _aУкраїнська література
_bпосібник для старшокласників і абітурієнтів
300 _a368 с.
955 _a2
041 _aukr
080 _a82.09(477)
020 _a5-325-00722-Х
260 _aК.
_bЛибідь
_c1995
650 7 _a82 Література. Літературознавство
_2UDC
999 _c320792
_d320792